Logo

Description automatically generated
विद्यार्जन
 संसाधन केंद्र, भारतीय प्रौद्योगिकी संस्थान इन्दौर
Learning Resource Center, Indian Institute of Technology Indore

ऑनलाइन सार्वजनिक अभिगम प्रसूची
Online Public Access Catalogue (OPAC)

Vehicle vibrations : linear and nonlinear analysis, optimization, and design (Record no. 53154)

MARC details
000 -LEADER
fixed length control field 00722nam a22002417a 4500
005 - DATE AND TIME OF LATEST TRANSACTION
control field 20260429143330.0
008 - FIXED-LENGTH DATA ELEMENTS--GENERAL INFORMATION
fixed length control field 260429b |||||||| |||| 00| 0 eng d
020 ## - INTERNATIONAL STANDARD BOOK NUMBER
International Standard Book Number 9783031434884
Qualifying information pbk
082 ## - DEWEY DECIMAL CLASSIFICATION NUMBER
Classification number 629.243
Item number JAZ
100 ## - MAIN ENTRY--PERSONAL NAME
Personal name Jazar, Reza N.
245 ## - TITLE STATEMENT
Title Vehicle vibrations : linear and nonlinear analysis, optimization, and design
250 ## - EDITION STATEMENT
Edition statement c.2024
260 ## - PUBLICATION, DISTRIBUTION, ETC.
Place of publication, distribution, etc. Switzerland AG
Name of publisher, distributor, etc. Springer Nature
Date of publication, distribution, etc. 2024
300 ## - PHYSICAL DESCRIPTION
Extent xvii, 525p. ; 28cm.
653 ## - INDEX TERM--UNCONTROLLED
Uncontrolled term Vehicle Engineering
653 ## - INDEX TERM--UNCONTROLLED
Uncontrolled term Applied Dynamical Systems
653 ## - INDEX TERM--UNCONTROLLED
Uncontrolled term Automotive Engineering
653 ## - INDEX TERM--UNCONTROLLED
Uncontrolled term Multibody Systems and Mechanical Vibrations
653 ## - INDEX TERM--UNCONTROLLED
Uncontrolled term ME432
653 ## - INDEX TERM--UNCONTROLLED
Uncontrolled term ME632
700 ## - ADDED ENTRY--PERSONAL NAME
Personal name Marzbani, Hormoz
942 ## - ADDED ENTRY ELEMENTS (KOHA)
Source of classification or shelving scheme Dewey Decimal Classification
Koha item type Book
Holdings
Withdrawn status Lost status Source of classification or shelving scheme Damaged status Not for loan Home library Current library Shelving location Date acquired Source of acquisition Total Checkouts Full call number Barcode Checked out Date last seen Date last checked out Price effective from Koha item type
    Dewey Decimal Classification     LRC, IIT Indore LRC, IIT Indore 2nd Floor - General Stack 02/04/2026 PO_2025-26_PO-117 ,Vendor: Shankar's Book Agency Pvt.Ltd., New Delhi ; Inv. No.: IN37118/25-26, dt.17.03.2026 ; Price: EUR 79.99 1 629.243 JAZ 38797 03/11/2026 07/05/2026 07/05/2026 29/04/2026 Book
Copyright © 2024, 2021, 2017 Indian Institute of Technology Indore. All Rights Reserved.
Managed & maintained by Learning Resource Center, IIT Indore